| 000 | 00367nam a2200145Ia 4500 | ||
|---|---|---|---|
| 008 | 230312s9999||||xx |||||||||||||| ||und|| | ||
| 020 | _a81-239-2289-8 | ||
| 082 |
_a612 _bLAC-T |
||
| 100 | _aLachman | ||
| 245 | 0 | _aTheory and Practice of Industrial Pharmacy | |
| 260 |
_bCBS _aIndia _c2013 |
||
| 300 | _a1203 | ||
| 650 |
_aPharmacy _vIndustrial Pharmacy |
||
| 942 | _cBK | ||
| 999 |
_c11030 _d11030 |
||